<?xml version="1.0" encoding="UTF-8"?>
<collection xmlns="http://www.loc.gov/MARC21/slim">
 <record>
  <leader>01030pam a22003138a 4500</leader>
  <controlfield tag="001">00046143</controlfield>
  <controlfield tag="008">201215s2019####-vm#################vie|d</controlfield>
  <controlfield tag="005">20201215161210.0</controlfield>
  <datafield tag="020" ind1="#" ind2="#">
   <subfield code="c">0</subfield>
   <subfield code="a">9786045541456</subfield>
  </datafield>
  <datafield tag="041" ind1="0" ind2="#">
   <subfield code="a">vie</subfield>
  </datafield>
  <datafield tag="082" ind1="0" ind2="4">
   <subfield code="a">895.922 132</subfield>
   <subfield code="b">T527T</subfield>
  </datafield>
  <datafield tag="100" ind1="0" ind2="#">
   <subfield code="a">Tản Đà</subfield>
  </datafield>
  <datafield tag="245" ind1="1" ind2="0">
   <subfield code="a">Tuyển tập Tản Đà</subfield>
   <subfield code="c">Trần Ngọc Vương, Mai Thu Huyền (b.s.)</subfield>
   <subfield code="n">T.2</subfield>
  </datafield>
  <datafield tag="260" ind1="#" ind2="#">
   <subfield code="a">Hà Nội</subfield>
   <subfield code="b">Hà Nội</subfield>
   <subfield code="c">2019</subfield>
  </datafield>
  <datafield tag="300" ind1="#" ind2="#">
   <subfield code="a">663tr.</subfield>
   <subfield code="c">24cm</subfield>
  </datafield>
  <datafield tag="490" ind1="#" ind2="#">
   <subfield code="a">Tủ sách Thăng Long 1000 năm</subfield>
  </datafield>
  <datafield tag="504" ind1="#" ind2="#">
   <subfield code="a">Phụ lục: tr. 528-638. - Thư mục: tr. 639-660</subfield>
  </datafield>
  <datafield tag="651" ind1="#" ind2="7">
   <subfield code="2">Bộ TK TVQG</subfield>
   <subfield code="a">Việt Nam</subfield>
  </datafield>
  <datafield tag="653" ind1="#" ind2="#">
   <subfield code="a">Tác giả</subfield>
  </datafield>
  <datafield tag="653" ind1="#" ind2="#">
   <subfield code="a">Tác phẩm</subfield>
  </datafield>
  <datafield tag="653" ind1="#" ind2="#">
   <subfield code="a">Việt Nam</subfield>
  </datafield>
  <datafield tag="653" ind1="#" ind2="#">
   <subfield code="a">Văn học hiện đại</subfield>
  </datafield>
  <datafield tag="700" ind1="1" ind2="#">
   <subfield code="a">Mai Thu Huyền</subfield>
   <subfield code="e">b.s.</subfield>
  </datafield>
  <datafield tag="700" ind1="1" ind2="#">
   <subfield code="a">Trần Ngọc Vương</subfield>
   <subfield code="e">b.s.</subfield>
  </datafield>
  <datafield tag="852" ind1="#" ind2="#">
   <subfield code="j">KD.0027677</subfield>
  </datafield>
  <datafield tag="920" ind1=" " ind2=" ">
   <subfield code="a">Tản Đà</subfield>
  </datafield>
  <datafield tag="930" ind1=" " ind2=" ">
   <subfield code="a">444207</subfield>
   <subfield code="b">10/10/2019</subfield>
  </datafield>
  <datafield tag="941" ind1=" " ind2=" ">
   <subfield code="a">DP</subfield>
   <subfield code="b">GK</subfield>
  </datafield>
  <datafield tag="980" ind1="#" ind2="#">
   <subfield code="a">Trung tâm Học liệu Lê Vũ Hùng, Trường Đại học Đồng Tháp</subfield>
  </datafield>
 </record>
</collection>
